000
00265nam a22001217a 4500
082
_a
670.4223
100
_a
GUPTA, R.B.
245
_a
WORKSHOP TECHNOLOGY V-3
260
_a
Satya Prakashan,
_b
New Delhi,
_c
2005.
300
_a
Invp
500
_a
Paperback.
942
_c
BK
999
_c
32630
_d
32630